000 00600nam a2200193 a 4500
001 000012003
005 20200929162643.0
008 091103t1948 dr 001 p spa d
040 _aDO-SdBNP
_bspa
_cBNPHU
082 _a861.64
_bA816t
100 1 _aAsensio Melero, Reinaldo,
_d1902-
_928406
245 1 0 _aTiempo :
_bversos /
_cReinaldo Asensio Melero.
260 _aCiudad Trujillo, República Dominicana :
_bStella,
_c1948.
300 _a155 p. ;
_c25 cm.
650 4 _aPoesía española
_9631
650 4 _aLiteratura española
_9632
910 _aValidado. Control de calidad EMS
049 _aBNPD
999 _c11671
_d11671